Clic Personnalité de l'année pour Times Magazine (1927-1977) - Statistiques

Statistiques générales
  • Ce quiz a été pris 30 fois
  • Le résultat moyen est 64 sur 86
Statistiques - réponses
Hint Extra Hint Explanation Réponse % Correct
Adolf Hitler 1889-1945 1938 Allemand(e)
91%
Angela Merkel 1954- 2015 Allemand(e)
91%
James F. Byrnes 1879-1972 1946 Américain(e)
91%
John Fitzgerald Kennedy 1917-1963 1961 Américain(e)
91%
Richard Nixon 1913-1994 1971 1972 Américain(e)
91%
Jimmy Carter 1924- 1976 Américain(e)
91%
Ronald Reagan 1911-2004 1980 1983 Américain(e)
91%
George H. W. Bush 1924-2018 1990 Américain(e)
91%
Bill Clinton 1946- 1992 1998 Américain(e)
91%
Jeff Bezos 1964- 1999 Américain(e)
91%
George W. Bush 1946- 2000 2004 Américain(e)
91%
Sherron Watkins 1959- 2002 Américain(e)
91%
Bill Gates 1955- 2005 Américain(e)
91%
Melinda Gates 1964- 2005 Américain(e)
91%
Barack Obama 1961- 2008 2012 Américain(e)
91%
Mark Zuckerberg 1984- 2010 Américain(e)
91%
Donald Trump 1946- 2016 Américain(e)
91%
Joe Biden 1942- 2020 Américain(e)
91%
Taylor Swift 1989- 2023 Américain(e)
91%
Winston Churchill 1874-1965 1940 1949 Britannique
91%
Elisabeth II 1926-2022 1952 Britannique
91%
Charles de Gaulle 1890-1970 1958 Français(e)
91%
Mahatma Gandhi 1869-1948 1930 Indien(ne)
91%
Joseph Staline 1878-1953 1939 1942 Russe
91%
Nikita Kroutchev 1894-1971 1957 Russe
91%
Mickhaïl Gorbatchev 1931-2022 1987 1989 Russe
91%
Vladimir Poutine 1952- 2007 Russe
91%
Franklin Delano Roosevelt 1882-1945 1932 1934 Américain(e)
87%
Harry S. Truman 1884-1972 1945 1948 Américain(e)
87%
Lyndon Johnson 1908-1973 1964 1967 Américain(e)
87%
Cynthia Cooper 1963- 2002 Américain(e)
87%
Coleen Rowley 1954- 2002 Américain(e)
87%
Deng Xiaoping 1904-1997 1978 1985 Chinois(e)
87%
Pierre Laval 1883-1945 1931 Français(e)
87%
iouri Andropov 1914-1984 1983 Russe
87%
Nelson Mandela 1918-2013 1993 Sud-Africain(e)
87%
Volodymyr Zelensky 1978- 2022 Ukrainien(ne)
87%
Walter Chrysler 1875-1940 1928 Américain(e)
83%
George Marshall 1880-1959 1943 1947 Américain(e)
83%
Dwight Eisenhower 1890-1969 1944 1959 Américain(e)
83%
Martin Luther King 1929-1968 1963 Américain(e)
83%
Henry Kissinger 1923-2023 1972 Américain(e)
83%
Ted Turner 1938- 1991 Américain(e)
83%
Andrew Grove 1936-2016 1997 Américain(e)
83%
Kenneth Starr 1946-2022 1998 Américain(e)
83%
Kamala Harris 1964- 2020 Américain(e)
83%
Konrad Adenauer 1876-1967 1953 Allemand(e)
78%
Hugh S. Johnson 1882-1942 1933 Américain(e)
78%
James Lovell 1928 1968 Américain(e)
78%
Elon Musk 1971- 2021 Américain(e)
78%
Pape François 1936- 2013 Argentin(e)
78%
Tchang Kaï Chek 1887-1975 1937 Chinois(e)
78%
Ayatollah Khomeini 1902-1989 1979 Iranien(ne)
78%
Charles Linbbergh 1902-1974 1927 Américain(e)
74%
Wallis Simpson 1896-1986 1936 Américain(e)
74%
William Westmoreland 1914-2005 1965 Américain(e)
74%
Frank Borman 1928 1968-2023 Américain(e)
74%
William Anders 1933 1968 Américain(e)
74%
Yitzhak Rabin 1922-1995 1993 Israëlien(ne)
74%
Yassar Arafat 1929-2004 1993 Palestinien(ne)
74%
Lech Walesa 1943 1981 Polonais(e)
74%
Jean-Paul II 1920-2005 1994 Polonais(e)
74%
John Foster Dulles 1888-1959 1954 Américain(e)
70%
Harlow Curtice 1893-1962 1955 Américain(e)
70%
Newt Gingrich 1943- 1995 Américain(e)
70%
Owen D. Young 1874-1962 1929 Américain(e)
65%
Ben Bernanke 1953- 2009 Américain(e)
65%
Song Meiling 1898-2003 1937 Chinois(e)
65%
Jean XXIII 1881-1963 1962 Italien(ne)
65%
Greta Thunberg 2003- 2019 Suèdois(e)
65%
Anouar el-Sadate 1918-1981 1977 Egyptien(ne)
61%
Frederik de Klerk 1936-2021 1993 Sud-Africain(e)
61%
Haïlé Sélassié 1892-1975 1935 Ethiopien(ne)
57%
Bono 1960- 2005 Irlandais(e)
57%
John Sirica 1904-1992 1973 Américain(e)
52%
Rudy Giulani 1944- 2001 Américain(e)
52%
Willy Brandt 1913-1992 1970 Allemand(e)
43%
Mohammad Mossadegh 1882-1967 1951 Iranien(ne)
43%
Peter Ueberroth 1937- 1984 Américain(e)
39%
David Ho 1952- 1996 Américain(e)
39%
Corazon Aquino 1933-2009 1986 Philippin(e)
39%
Jamal Khashoggi 1958-2018 2018 Saoudien(ne)
35%
Kyaw Soe Oo ? 2018 Birman(e)
17%
Fayçal 1906-1975 1974 Saoudien(ne)
17%
Maria Ressa 1963- 2018 Philippin(e)
4%
Wa Lone 1986- 2018 Birman(e)
0%
Aucun quiz correspondant
Distribution des résultats
% des personnes avec chaque résultat
Percentile par nombre de réponses
Votre historique - résultats
Vous n’avez pas pris ce quiz